000 00650nam a22002417a 4500
003 UA-OsUOA
001 79489
007 ta
008 20111110b un ||||| |||| 00| 0 ukr d
100 _aСтригин Е.М.
090 _a929:94(470)
_bС85
942 _cBK
040 _aUA-OsUOA
_brus
_cUA-OsUOA
_dUA-OsUOA
245 _aВладимир Путин: внедрение в Кремль
300 _a368 с.
955 _a1
041 _arus
080 _a929:94(470)
020 _a5-9265-0227-6
260 _aМ.
_bАлгоритм
_c2006
650 7 _a9 Географія. Біографії. Історія
_2UDC
999 _c365795
_d365795